Química : programa de integración entre nivel medio y universidad /
Guardado en:
| Autor Principal: | |
|---|---|
| Otros Autores: | |
| Formato: | Libro |
| Publicado: |
Rosario :
U. N. R.,
1992
|
| Materias: | |
| Etiquetas: |
Agregar Etiqueta
Sin Etiquetas, Sea el primero en etiquetar este registro!
|
| LEADER | 00580nam a22001935a 4500 | ||
|---|---|---|---|
| 001 | CEM.cems007291 | ||
| 005 | 20060214000000.0 | ||
| 008 | 130507s1992##################000#0#####d | ||
| 003 | CEMS | ||
| 082 | 0 | 4 | |a 372.854 |
| 100 | 1 | |a Universidad Nacional De Rosario | |
| 245 | 1 | 0 | |a Química : |b programa de integración entre nivel medio y universidad / |
| 260 | |a Rosario : |b U. N. R., |c 1992 | ||
| 300 | |a 113 p. | ||
| 653 | |a Programas de estudio | ||
| 653 | |a Química | ||
| 653 | |a Química-programas | ||
| 700 | 1 | |a Yunis, Elena | |
| 859 | |a CEMS |b BIB. CEMS - 11 de abril |h 372.854 |i R712 |p 17133.93 |t Ej.1 | ||
